Anagramme Pokémon #2 - Statistiques

Statistiques générales
  • Ce quiz a été pris 240 fois
  • Le résultat moyen est 10 sur 20
Statistiques - réponses
Hint Réponse % Correct
YOXC Coxy
96%
LICC Clic
93%
COCHAM Machoc
86%
MOSGGOO Smogogo
84%
LAUIG Lugia
79%
YXRAP Pyrax
78%
TEVYALL Yveltal
77%
ULOMILELBS Milobellus
70%
TLYDANOV Dynavolt
56%
SEFORLG Florges
46%
COLURIA Lucario
35%
URTBABELIR Brutalibré
33%
EODURPTAB Brutapode
28%
MEBELYXR Embrylex
28%
OUBIREC Ceribou
24%
SEETOLASTM Métalosse
21%
GUAUTEALRI Aligatueur
12%
KRIDRAA Darkrai
12%
KAINOSC Sancoki
10%
TOISASEIL Osselait
3%
Aucun quiz correspondant
Distribution des résultats
% des personnes avec chaque résultat
Percentile par nombre de réponses
Votre historique - résultats
Vous n’avez pas pris ce quiz